00359nam a2200109Ia 4500008004100000020001800041100001500059245007000074260003900144650001600183856005000199171212s9999 xx 000 0 und d a9781925261240 aAmery, Rob cAmery, RobaWarraparna Kaurna!bReclaiming an Australian language bUniversity of Adelaide Pressc2016 aLinguistics uhttp://jstor.org/stable/10.20851/j.ctt1sq5wgq